Vainqueurs de la Copa America - Statistiques

Statistiques générales
  • Ce quiz a été pris 1 215 fois
  • Le résultat moyen est 7 sur 8
Statistiques - réponses
Nombre de titres Pays % Correct
15 titres Argentine
100%
9 titres Brésil
100%
15 titres Uruguay
98%
2 titres Chili
96%
1 titre Colombie
94%
2 titres Pérou
85%
2 titres Paraguay
84%
1 titres Bolivie
80%
Aucun quiz correspondant
Distribution des résultats
% des personnes avec chaque résultat
Percentile par nombre de réponses
Votre historique - résultats
Vous n’avez pas pris ce quiz